000 00600nam a22002177a 4500
999 _c3620
_d3620
003 AR-CdUCM
008 190306b ||||| |||| 00| 0 spa d
040 _aMUNICIPALIDAD PROVINCIAL DEL CUSCO
_cBIBLIOTECA MUNICIPAL DEL CUSCO
041 _heng
082 _28ed.
_a818.5 /
_bW187
100 _aWallace, Irving
_911819
245 _aEl hombre /
260 _aBarcelona :
_bMartínez Roca,
_c1971.
300 _a788 paginas ;
_c20 cm.
500 _atitulo original : The man
650 _aLiteratura
_983
650 _aSiglo XX
_98
650 _aNovela
_95
942 _2ddc
_cLIBROS
945 _awnts